Statystyki dla Trudne wyrazy

Kliknij tutaj aby rozwiązać quiz!

Ogólne statystyki

  • Ten quiz został rozwiązany 501 razy
  • Średni wynik to 4 z 15

Statystyki odpowiedzi

definicjaPierwsza literaOdpowiedź% Poprawnych
mający negatywny, ujemny (obraźliwy, zniechęcający) wydźwiękPpejoratywny
68%
górna dziurka w klapie marynarki lub żakietu, w którą wkłada się coś dla ozdobyBbutonierka
49%
udzielanie bezinteresownej pomocy potrzebującymFfilantropia
41%
nurt filozoficzny odrzucający wszystkie przyjęte normyNnihilizm
40%
patologiczna tendencja do nieustannego przekładania pewnych czynności na późniejPprokrastynacja
32%
charakteryzujący się sprzecznymi uczuciami, postawami lub opiniamiAambiwalentny
30%
przekonanie, że wszyscy ludzie są równi i powinni mieć jednakowe prawaEegalitaryzm
29%
zrzeczenie się swoich praw do czegoś na rzecz innej osoby (często przy umowach z telekomunikacją)Ccesja
27%
o człowieku ograniczonym lub nieokrzesanymTtroglodyta
25%
zniewaga, obelgaIinwektywa
21%
zupełny rozkład wartości moralnych w jakimś środowiskuDdegrengolada
18%
wpływanie na opinię publiczną poprzez działanie obliczone na łatwy efekt, poklaskDdemagogia
18%
fantastyczna wizja stworzona przez nadwrażliwą wyobraźnięFfantasmagoria
17%
osoba stroniąca od ludzi, mająca do nich niechętny lub wrogi stosunekMmizantrop
15%
pełnomocnictwoPplenipotencja
11%

Rozkład punktacji

Percentyl według liczby udzielonych odpowiedzi

Procent ludzi z każdym wynikiem

Twoja historia wyników

Nie rozwiązałeś tego quizu